000 00314nam a22001337a 4500
005 20160315084852.0
008 101025s2011 nyua 001 0 eng
020 _a9780071748018
020 _a0071748016
041 _aeng
080 _a004.42
245 1 0 _aWeb design demystified /
_cWendy Willard.
942 _2udc
_cBK
999 _c429
_d429